Customer relationship management : (Record no. 9626)
[ view plain ]
| 000 -LEADER | |
|---|---|
| fixed length control field | 00828cam a22002292 4500 |
| 001 - CONTROL NUMBER | |
| control field | 0000021277 |
| 005 - DATE AND TIME OF LATEST TRANSACTION | |
| control field | 20151217152229.0 |
| 008 - FIXED-LENGTH DATA ELEMENTS--GENERAL INFORMATION | |
| fixed length control field | 120307s xx 000 0 eng d |
| 020 ## - INTERNATIONAL STANDARD BOOK NUMBER | |
| International Standard Book Number | 0070435049 : |
| 040 ## - CATALOGING SOURCE | |
| Original cataloging agency | KABU |
| Transcribing agency | KABU |
| 245 10 - TITLE STATEMENT | |
| Title | Customer relationship management : |
| Remainder of title | emerging concepts, tools and applications / |
| Statement of responsibility, etc. | editors, Jagdish N Sheth, Atul Parvatiyar, G Shainesh. |
| 260 ## - PUBLICATION, DISTRIBUTION, ETC. (IMPRINT) | |
| Place of publication, distribution, etc. | New Delhi : |
| Name of publisher, distributor, etc. | Tata McGraw-Hill, |
| Date of publication, distribution, etc. | 2001. |
| 300 ## - PHYSICAL DESCRIPTION | |
| Extent | xv, 544 p. |
| 650 #0 - SUBJECT ADDED ENTRY--TOPICAL TERM | |
| Topical term or geographic name as entry element | Customer relations. |
| Form subdivision | Congress |
| General subdivision | Management. |
| -- | 0000182099 |
| 650 #0 - SUBJECT ADDED ENTRY--TOPICAL TERM | |
| Topical term or geographic name as entry element | Relationship marketing |
| Form subdivision | Congresses. |
| -- | 0000182100 |
| 700 1# - ADDED ENTRY--PERSONAL NAME | |
| Personal name | Sheth, Jagdish N. |
| -- | 0000182101 |
| 700 1# - ADDED ENTRY--PERSONAL NAME | |
| Personal name | Parvatiyar, Atul. |
| -- | 0000182102 |
| 700 1# - ADDED ENTRY--PERSONAL NAME | |
| Personal name | Shinesh, G. |
| -- | 0000182103 |
| 852 1# - LOCATION | |
| -- | p4680 KES |
| 908 ## - PUT COMMAND PARAMETER (RLIN) | |
| Put command parameter | 120307 |
| 950 ## - LOCAL HOLDINGS (RLIN) | |
| -- | 1 |
| Withdrawn status | Lost status | Source of classification or shelving scheme | Not for loan | Home library | Current library | Date acquired | Total Checkouts | Full call number | Barcode | Date last seen | Price effective from | Koha item type |
|---|---|---|---|---|---|---|---|---|---|---|---|---|
| Library of Congress Classification | Kabarak, Main Campus | Kabarak, Main Campus | 17/12/2015 | HF5415.5 .C87 2001 c.1 | 20677 | 17/12/2015 | 17/12/2015 | General Collection |